00516nam a2200157 a 450000500170000000800410001702000180005805000280007610000310010424500800013526000400021530000200025550000510027565000230032665000090034920140412111230.0010521s19uu xx 00 eng d a0-8273-5721-4 aTR(GS 372.13bD283 1996 aDavidson, Jane Ilene, 1948 aEmerging literacy and dramatic play in early education /cJane I. Davidson. aLondon :bDelmar Publishers,c1996. axiii p. ; 313p. aIncludes bibliographical references and index. aDrama in education aPlay